| 000 | 01014cam a22002895a 4500 | ||
|---|---|---|---|
| 001 | 17631387 | ||
| 005 | 20151116153423.0 | ||
| 008 | 130220t2013 coua frb 001 0 eng d | ||
| 020 | _a1588269086 | ||
| 020 | _a9781588269089 | ||
| 040 |
_aDLC _beng _cDLC _dEG-ScBUE |
||
| 043 | _aaw----- | ||
| 082 | 0 | 4 |
_a306.20956 _222 _bPOL |
| 245 | 0 | 0 |
_aPolitics & society in the contemporary Middle East / _cedited by Michele Penner Angrist. |
| 246 | 3 | _aPolitics and society in the contemporary Middle East | |
| 250 | _a2nd ed. | ||
| 260 |
_aBoulder : _bLynne Rienner Piblishers, _cc.2013. |
||
| 300 |
_aix, 549 p. : _bill. ; _c23 cm. |
||
| 500 | _aIndex : p. 533-549. | ||
| 504 | _aBibliography : p. 511-527. | ||
| 650 | _2BUEsh | ||
| 651 | 0 |
_aMiddle East _xPolitics and government _y1979- _2BUEsh |
|
| 651 | 0 |
_aMiddle East _xPolitics and government _y1979- _vCase studies. _2BUEsh |
|
| 653 |
_bBUSBOL _cSeptember2015 _cNovember2015 |
||
| 700 | 1 |
_aAngrist, Michele Penner, _d1970- _eeditor. |
|
| 942 |
_2ddc _k306.20956 POL |
||
| 999 |
_c20833 _d20805 |
||